Les 60 rappeurs les plus écoutés suivant leur musique - Statistiques

Statistiques générales
  • Ce quiz a été pris 902 fois
  • Le résultat moyen est 31 sur 60
Statistiques - réponses
Hint Réponse % Correct
Jefe Ninho
96%
Ciel Gims
95%
Chasse à l'homme Niska
87%
Mona lisa Booba
86%
J'ai tout su Jul
85%
DA PNL
82%
Jaloux Dadju
80%
Zoo Kaaris
80%
Saiyan Gazo
79%
On verra Nekfeu
78%
Problèmes PLK
78%
Afro Trap MHD
74%
Basique Orelsan
74%
Gasolina Tiakola
69%
God Bless Hamza
68%
Dybala Maes
65%
Carré Vip Naps
65%
Arrêt du cœur Kalash Criminel
64%
Elle est bonne sa mère Vegedream
64%
Chocolat Lartiste
62%
02:00 SCH
60%
Papa allo Alonzo
59%
Bif Daddy Jok Jok'air
58%
J'aime bien Josman
58%
Placebo Dinos
55%
LVC Koba la D
54%
1000°C Lomepal
53%
J'crois qu'ils ont pas compris Leto
52%
Madame Zola
51%
Guerilla Soolking
50%
Habutié Dosseh
48%
Shakvat Freeze Corleone
48%
TDB Oboy
48%
Lola RK
46%
Possédé Djadja et Dinaz
44%
l'ancien Heuss l'enfoiré
43%
Bad boy Marwa Loud
42%
MACINTOSH Gambi
41%
Filtré Timal
41%
Terrasser Gradur
39%
Ninja Soprano
39%
GAUCHE DROITE Vald
39%
Spécial Laylow
37%
Toka Sofiane
37%
Michael Jordan Da Uzi
36%
Position Franglish
35%
Gramme 2 peuf Hornet la Frappe
34%
Mood Keblack
34%
Run Rim'k
34%
Dommage Bigflo & Oli
33%
Eternel Hatik
29%
Colisée Lacrim
27%
TP Soso Maness
25%
Mention max L'algérino
20%
Soleil Roméo Elvis
19%
Le daron Lorenzo
18%
OG - Freestyle Naza
18%
Vivastreet Niro
18%
Enfant du ghetto Landy
15%
Brother Rilès
9%
Aucun quiz correspondant
Distribution des résultats
% des personnes avec chaque résultat
Percentile par nombre de réponses
Votre historique - résultats
Vous n’avez pas pris ce quiz